00000000nas 2200000za 4500
0019.852211
003CaOODSP
00520221107154531
007cr |||||||||||
008180222d19601960oncar p oss  f0###a0eng|d
022 |y0384-2959
040 |aCaOODSP|beng
043 |an-cn---
0861 |aCS34-213E-PDF
24500|aFur goods and fur dressing and dyeing industries |h[electronic resource].
24610|aFur goods and fur dressing industries
24616|aFur goods industry |f1955
260 |a[Ottawa] : |bDominion Bureau of Statistics, Industry and Merchandising Division, |c1962.
310 |aAnnual
3620 |a1960.
4900 |aAnnual census of manufactures
500 |aDigitized edition from print [produced by Statistics Canada].
500 |aTitle from cover.
580 |aA part of Fur goods and fur dressing and dyeing industries is continued by Fur goods industry (Final).
580 |aAbsorbed in part by: Miscellaneous manufacturing industries.
69207|2gccst|aFurs
69207|2gccst|aClothing industry
7101 |aCanada. |bDominion Bureau of Statistics. |bIndustry and Merchandising Division.
78000|tThe fur goods and fur dressing industries, Canada |w(CaOODSP)9.852208
78500|tFur goods industry |w(CaOODSP)9.852213